Statistics for Y as Vowel Words Quiz

Click here to take the quiz!

General Stats

  • This quiz has been taken 12,145 times
  • The average score is 12 of 22

Answer Stats

DefinitionWord% Correct
The words to a songLyrics
96%
Religious songHymn
81%
Device for making injectionsSyringe
75%
Jewish place of worshipSynagogue
74%
A cruel rulerTyrant
73%
Ancient stringed instrumentLyre
61%
Resin given to Jesus by the MagiMyrrh
61%
Pile on which the dead are burnedPyre
61%
A series of rulers from one familyDynasty
60%
Opposite of utopiaDystopia
58%
Word with the same sound but a different meaningHomonym
55%
Legendary storyMyth
54%
Hurricane or typhoonCyclone
51%
Underground burial placeCrypt
51%
Bottomless chasmAbyss
49%
Prearranged meeting, often between loversTryst
48%
The study of word originsEtymology
46%
NearsightedMyopic
45%
Fool's goldPyrite
44%
Eight bitsByte
43%
The west windZephyr
32%
Faun. Also, a lecherous manSatyr
29%

Score Distribution

Percentile by Number Answered

Percent of People with Each Score

Your Score History

You have not taken this quiz